• 首页
  • 本馆介绍
  • 公告通知
  • 最新文献
  • 馆藏检索
  • 电子资源
  • 读者导购
  • 参考咨询
  • 我的图书馆
  • 登录
  • 详细信息显示
  • 放入我的书架
  • 预约/预借图书
  • 作者相关作品
  • 分类相关作品
  • 丛书相关作品
  • 出版社相关作品

书目信息

  • 表格格式
  • 工作单格式
  • 卡片格式
题名:
日本概况
    
 
作者: 张立新 , 孔繁志 主编
分册:  
出版信息: 北京   北京大学出版社  2009.09
页数: 316页
开本: 26cm
丛书名:
单 册:
中图分类: K931.3
科图分类:
主题词:
电子资源:
ISBN: 978-7-301-15735-0
000 00867nam0 2200277 450
001 010700079685
005 20091208152905.79
010    @a978-7-301-15735-0@dCNY38.00
100    @a20091020d2009 em y0chiy0110 ea
101 0  @achi
102    @aCN@b110000
105    @aabk z 001yy
106    @ar
200 1  @a日本概况@9ri ben gai kuang@f张立新,孔繁志主编
205    @a修订本
210    @a北京@c北京大学出版社@d2009.09
215    @a316页@c图,地图@d26cm
320    @a有索引
330    @a本书共分十七章,内容包括:地理;历史;社会;政治;经济;科技;教育;社会教育;宗教;语言文字;文学;艺术与体育;风俗习惯;料理;世界遗产等。
607    @a日本@x概况
607    @a日本
690    @aK931.3@v4
701  0 @a张立新@9zhang li xin@4主编
701  0 @a孔繁志@9kong fan zhi@4主编
801  0 @aCN@bRENTIAN@c20091208
905    @b20795833-38@dK931.3@e178=2@f6
    
    日本概况/张立新,孔繁志主编.-修订本.-北京:北京大学出版社,2009.09
    316页:图,地图;26cm
    
    
    ISBN 978-7-301-15735-0:CNY38.00
    本书共分十七章,内容包括:地理;历史;社会;政治;经济;科技;教育;社会教育;宗教;语言文字;文学;艺术与体育;风俗习惯;料理;世界遗产等。
●
相关链接 在E读中查询图书 在五车中查询图书 在当当中查询图书 在豆瓣中查询图书


正题名:日本概况     索取号:K931.3/178=2         预约/预借

序号 登录号 条形码 馆藏地/架位号 状态 备注
1 795833   207958334   第二样本阅览室/ [索取号:K931.3/178=2] 在馆    
2 795834   207958343   第二借阅区/ [索取号:K931.3/178=2] 在馆    
3 795835   207958352   第二借阅区/ [索取号:K931.3/178=2] 在馆    
4 795836   207958361   第二借阅区/ [索取号:K931.3/178=2] 在馆    
5 795837   207958370   第二借阅区/ [索取号:K931.3/178=2] 在馆    
6 795838   207958389   第二借阅区/ [索取号:K931.3/178=2] 在馆    
唐山师范学院图书馆 欢迎您!
大连网信软件有限公司© 版权所有